Dopasuj polskie miasto do regionu #2 - klikanie - Statystyki

Ogólne statystyki
  • Ten quiz został rozwiązany 39 razy
  • Średni wynik to 8 z 15
Statystyki odpowiedzi
Hint Odpowiedź % Poprawnych
Legionowo Mazowsze
91%
Bydgoszcz Kujawy
81%
Gdańsk Pomorze
78%
Kalisz Wielkopolska
75%
Kostrzyn nad Odrą Ziemia lubuska
75%
Zielona Góra Dolny Śląsk
53%
Chojnice Kaszuby
53%
Braniewo Warmia
53%
Imielin Górny Śląsk
47%
Łuków Lubelszczyzna
44%
Drohiczyn Podlasie
41%
Terespol Polesie
41%
Ostróda Mazury
38%
Sosnowiec Małopolska
34%
Garwolin Podlasie Południowe
34%
Nie znaleziono quizów pasujących do podanych kryteriów
Rozkład punktacji
Procent ludzi z każdym wynikiem
Percentyl według liczby udzielonych odpowiedzi
Twoja historia wyników
Nie rozwiązałeś tego quizu